Online Catalogue and eLibrary

Sociology: (Record no. 999)

MARC details
000 -LEADER
fixed length control field 00491nam a2200205Ia 4500
005 - DATE AND TIME OF LATEST TRANSACTION
control field 20250317073126.0
008 - FIXED-LENGTH DATA ELEMENTS--GENERAL INFORMATION
fixed length control field 240331s9999 xx 000 0 und d
020 ## - INTERNATIONAL STANDARD BOOK NUMBER
ISBN 053412738X
082 ## - DDC Classification
Class No. 301
Item Number - Author Mark FER
DDC Edition Number 4083
100 ## - MAIN ENTRY--PERSONAL NAME
Personal name Ferrante, J
245 #0 - TITLE STATEMENT
Title Sociology:
Remainder of title A Global Perspective
260 ## - PUBLICATION, DISTRIBUTION, ETC.
Place of publication, distribution, etc. California,
Name of publisher, distributor, etc. Wadsworth Inc.
Date of publication, distribution, etc. 1992
300 ## - PHYSICAL DESCRIPTION
Extent (e.g. Volumes, Pages etc.) xxiv, 534 p.,
650 ## - SUBJECT ADDED ENTRY--TOPICAL TERM
Topical term or geographic name entry element Education
650 ## - SUBJECT ADDED ENTRY--TOPICAL TERM
Topical term or geographic name entry element Religion
650 ## - SUBJECT ADDED ENTRY--TOPICAL TERM
Topical term or geographic name entry element Culture
650 ## - SUBJECT ADDED ENTRY--TOPICAL TERM
Topical term or geographic name entry element Sociology
650 ## - SUBJECT ADDED ENTRY--TOPICAL TERM
Topical term or geographic name entry element Society
942 ## - Koha item type (Biblio)
Koha item type Books in Stacks (Lending)
Holdings
Lost status Damaged status Collection code Home library Current library Shelving location Date acquired Full call number Accession Number Item type
    Lending WERC Library WERC Library Social Science Cupboard 03/31/2024 301 FER 4083 Books in Stacks (Lending)

© WERC Library